Statystyki dla Zawodnicy Fame MMA i innych gal freakfightowych

Kliknij tutaj aby rozwiązać quiz!

Ogólne statystyki

  • Ten quiz został rozwiązany 513 razy
    (479 od ostatniego zresetowania)
  • Średni wynik to 278 z 465

Statystyki odpowiedzi

Odpowiedź% Poprawnych
Fame MMA 1 | Fame MMA 10 | Fame MMA 12 | +6 othersAdrian "Polak" Polański
95%
Fame MMA 10 | Fame MMA 11 | Fame MMA 16 | +5 othersAmadeusz "Ferrari" Roślik
94%
Prime MMA 3Kubaoxo
94%
Fame MMA 14Adam "AJ" Josef
93%
Fame MMA 13 | Fame MMA 7Amadeusz "Ferrari" Roślik
93%
Fame MMA 15 | Fame MMA 4 | High League 1 | High League 3Aniela "Lil Masti" Bogusz
89%
Fame MMA 12 | Fame MMA 15 | Fame MMA 16Jacek "Muran" Murański
89%
Fame MMA 10 | Fame MMA 14 | Fame MMA 15 | Prime MMA 1Mateusz "Muran" Murański
89%
Fame MMA 10 | Fame MMA 12 | Fame MMA 3 | +4 othersKasjusz "Don Kasjo" Życiński
87%
Fame MMA 10 | Fame MMA 13 | Fame MMA 15 | +4 othersMarta "Linkimaster" Linkiewicz
87%
Fame MMA 10 | Fame MMA 11 | Fame MMA 15 | +3 othersMarcin Dubiel
86%
Fame MMA 12Kacper "Blonsky" Błoński
85%
Fame MMA 15Kacper "Crusher" Błoński
85%
Fame MMA 1 | Fame MMA 12 | Fame MMA 4Michał "Boxdel" Baron
85%
Fame MMA 1 | Fame MMA 12 | Fame MMA 14 | +3 othersMaksymilian "Wiewiór" Wiewiórka
84%
Fame MMA 1 | Fame MMA 2Daniel "Magical" Zwierzyński
83%
Fame MMA 10Dawid "Bocian" Malczyński
83%
Fame MMA 13 | Fame MMA 14 | Fame MMA 3 | +2 othersDawid Malczyński
83%
Fame MMA 11 | Fame MMA 2 | Fame MMA 5 | Fame MMA 9Marcin Malczyński
82%
Fame MMA 6 | Fame MMA 7Wojciech Gola
82%
Fame MMA 10 | Fame MMA 6 | Fame MMA 7Arkadiusz "AroY" Tańcula
80%
Fame MMA 11 | Fame MMA 12 | Fame MMA 15Arkadiusz Tańcula
80%
High League 1 | High League 2 | High League 4Lexy Chaplin
80%
Fame MMA 2 | Fame MMA 5 | Fame MMA 6 | Hype MMAMarcin "Rafonix" Krasucki
80%
Fame MMA 14 | Fame MMA 16Mateusz "Tromba" Trąbka
79%
High League 1 | High League 4Natalia "Natsu" Karczmarczyk
79%
Fame MMA 5 | Prime MMA 1Marek "Lord Kruszwil" Kruszel
78%
Fame MMA 13 | Fame MMA 14Sergiusz "Nitro" Górski
78%
Fame MMA 10 | Fame MMA 11 | Fame MMA 14 | Prime MMA 2Norman "Stormin" Parke
77%
Fame MMA 14 | High League 2Agata "Fagata" Fąk
76%
Fame MMA 5 | Fame MMA 6 | Fame MMA 7 | Fame MMA 8Marcin "El Testosteron" Najman
76%
Fame MMA 11 | Fame MMA 16 | Fame MMA 3 | +2 othersFilip "Filipek" Marcinek
75%
Prime MMA 1Jakub "Kamerzysta" Wawrzyniak
75%
Fame MMA 1 | Fame MMA 11 | Fame MMA 12 | +5 othersKrystian "Krycha" Wilczak
75%
Prime MMA 3Łukasz "Kamerzysta" Wawrzyniak
75%
Fame MMA 13 | Fame MMA 14 | Fame MMA 16 | +4 othersMariusz "Hejter" Słoński
75%
Fame MMA 11 | Fame MMA 13 | Fame MMA 14 | Fame MMA 8Piotr "Szeli" Szeliga
75%
Prime MMA 1Paweł "Pablo Tybori" Tyburski
74%
Fame MMA 2 | Fame MMA 7 | Fame MMA 8 | Prime MMA 2Paweł "Tybori" Tyburski
74%
Fame MMA 2Piotr "Tybori" Tyburski
74%
High League 3Alberto Simao
73%
Fame MMA 12 | Fame MMA 6 | Fame MMA 8 | +2 othersKamila "Zusje" Smogulecka
73%
Fame MMA 14 | Fame MMA 15Marcin "Xayoo" Majkut
73%
High League 3 | High League 4Paweł "Scarface" Bomba
73%
High League 2 | High League 3 | High League 4Denis "BadBoy" Załęcki
72%
Fame MMA 11 | Fame MMA 9Sylwester Wardęga
72%
Fame MMA 16 | Fame MMA 7Dariusz "Daro Lew" Kaźmierczuk
71%
Fame MMA 1Jakub "Guzik" Szymański
71%
Fame MMA 4 | Fame MMA 6 | Fame MMA 9Jakub "Kubańczyk" Flas
70%
Fame MMA 12Marcin "The Polish Zombie" Wrzosek
70%
Fame MMA 13Paweł "Popek" Mikołajuw
70%
Fame MMA 7Paweł "Popek Monster" Mikołajuw
70%
Fame MMA 2 | Fame MMA 3 | Fame MMA 5 | High League 1Piotr "Bonus BGC" Witczak
70%
High League 3Alan "AlanCzłowiekuuu" Godziński
69%
Fame MMA 10 | Fame MMA 14 | Fame MMA 6 | +4 othersAlan "Alanik" Kwieciński
69%
Fame MMA 16Alan "Braveheart" Kwieciński
69%
Fame MMA 14Mateusz "Fit Lovers" Janusz
69%
Fame MMA 12Mateusz "Matt Fit Lovers" Janusz
69%
Fame MMA 16Mateusz "Matt Meknife" Janusz
69%
Fame MMA 12 | Fame MMA 3 | Fame MMA 9Patryk "Ryba" Karaś
69%
Fame MMA 14Tomasz "Gimper" Działowy
69%
Fame MMA 13 | Fame MMA 16Robert "Sutonator" Pasut
68%
Fame MMA 5 | High League 2 | High League 4Mateusz "Mini Majk" Krzyżanowski
67%
Fame MMA 3 | Fame MMA 5Monika "Esmeralda" Godlewska
67%
Fame MMA 5 | Fame MMA 7 | Prime MMA 3Tomasz Olejnik
66%
Fame MMA 10 | Fame MMA 13 | Fame MMA 8 | Fame MMA 9Gabriel "Arab" Al-Sulwi
65%
Fame MMA 13 | High League 1Jakub "Japczan" Piotrkowicz
64%
High League 2Michał "Owca WK" Owczarz
64%
Fame MMA 16Patryk "Bandura" Bandurski
64%
Fame MMA 15 | Prime MMA 2Marcin "Polish Zombie" Wrzosek
63%
Prime MMA 2 | Prime MMA 3Michał "Bagietka" Gorzelanczyk
63%
Fame MMA 1 | Fame MMA 2 | Fame MMA 7 | +3 othersSebastian "Ztrolowany" Nowak
63%
Fame MMA 3 | Fame MMA 5Szymon "IsAmU" Kasprzyk
63%
Fame MMA 14 | Fame MMA 16Wiktoria "Wiki" Jaroniewska
63%
Fame MMA 8 | Fame MMA 9Kacper "Blonsky" Błoński
62%
Fame MMA 13Paweł "Unboxall" Smeltalski
62%
Fame MMA 4 | High League 1 | Prime MMA 1Adrian "Medusa" Salamon
61%
High League 1 | High League 4Jose "Josef Bratan" Simao
61%
High League 1 | High League 2 | High League 4Kuba Nowaczkiewicz
61%
Fame MMA 12 | Fame MMA 16Marta "Martirenti" Rentel
61%
Fame MMA 10 | High League 4Cezary "Czaro" Nykiel
60%
Fame MMA 10Dawid '"Ambro" Ambroziak
60%
Fame MMA 1 | Fame MMA 4 | Fame MMA 6 | +2 othersDawid "Ambro" Ambroziak
60%
Fame MMA 16Dawid "Dzinold" Rzeźnik
60%
Fame MMA 14Katarzyna "Laluna" Alexander
60%
Fame MMA 7Marta "Martirenti" Rentel
60%
Fame MMA 13 | Fame MMA 9Paweł "Ponczek" Sikora
60%
Fame MMA 12 | Fame MMA 6 | Fame MMA 8Piotr "Bestia" Piechowiak
60%
Fame MMA 12Anna " Anna IFBB PRO" Andrzejewska
59%
Fame MMA 1 | Fame MMA 2Dawid "Surfer" Ozdoba
59%
Fame MMA 11Gracjan Miś
59%
High League 2Jarosław "Pashabiceps" Jarząbkowski
59%
Fame MMA 12Kornel "Koro" Regel
59%
High League 1 | High League 2 | Prime MMA 3Maciej "Big Jack" Jarema
59%
Fame MMA 6 | Fame MMA 7 | High League 1 | +2 othersMaciej Rataj
59%
Fame MMA 14Monika "Mona" Kociołek
59%
Fame MMA 16Natan "Bóg Estetyki" Marcoń
59%
Fame MMA 7 | Prime MMA 1 | Prime MMA 2Damian "Stifler" Zduńczyk
58%
High League 3Dawid Załęcki
58%
High League 3Ewa "Kleo" Brodnicka
58%
Fame MMA 3 | Fame MMA 5 | Fame MMA 7Kamil "Hassi" Hassan
58%
Fame MMA 2Marek "AdBuster" Hoffman
58%
Fame MMA 5Marek "AdBuster" Hoffmann
58%
Fame MMA 15Mikołaj "Konopskyy" Tylko
57%
Fame MMA 9Anna "Anna IFBB PRO" Andrzejewska
56%
High League 1Ewa Brodnicka
56%
Fame MMA 13 | Fame MMA 16 | Fame MMA 9Patryk "Patrykos" Domke
56%
Prime MMA 1 | Prime MMA 2Jaś Kapela
55%
Fame MMA 1 | Fame MMA 10 | Fame MMA 2 | +2 othersŁukasz Lupa
54%
Fame MMA 12 | Fame MMA 6 | Fame MMA 8Maciej "Szewcu" Szewczyk
54%
Fame MMA 4 | Fame MMA 9Patryk "Kizo" Woziński
54%
High League 4Artur "Szpila" Szpilka
53%
Fame MMA 11Borys "The Tasmanian Devil" Mańkowski
53%
Fame MMA 11 | Fame MMA 15 | Fame MMA 9Filip Zabielski
53%
Fame MMA 11Karolina "Way od Blonde" Brzuszczyńska
53%
Fame MMA 13 | Fame MMA 9Karolina "Way of Blond" Brzuszczyńska
53%
High League 2 | High League 3 | Prime MMA 3Mateusz "Tarzan" Leśniak
53%
Fame MMA 11Piotr "Popo" Węgrzyn
53%
Fame MMA 10 | Fame MMA 12 | Fame MMA 9 | High League 3Kamila "Kamiszka" Wybrańczyk
52%
High League 3Mateusz "Don Diego" Kubiszyn
52%
Fame MMA 6Cyprian "Cypis" Racicki
51%
Fame MMA 1Michał Handke
51%
Fame MMA 10 | Fame MMA 8 | Prime MMA 3Piotr Pająk
51%
Fame MMA 10Mateusz "Haribo" Gąsiewski
50%
Fame MMA 11Mikołaj "Mixer" Magdziaż
50%
Fame MMA 16Radosław "Wiejski Koks" Paszko
50%
Fame MMA 2 | Fame MMA 4 | Fame MMA 5Kamil "Kasti" Stępiński
49%
Fame MMA 12Krzysztof "Radzik" Radzikowski
49%
Fame MMA 6Mateusz "L-Pro" Łapot
49%
Hype MMAPatryk "Taksi ZTR" Malinowski
49%
Fame MMA 13 | Fame MMA 15Rafał "Takefun" Górniak
49%
High League 3Robert "Robur WK" Orzechowski
49%
Fame MMA 11Wojciech "OjWojtek" Przeździecki
49%
Fame MMA 11Daniel "Danny" Ferreri
48%
Fame MMA 3Daniel "DeeJayPallaside" Pawlak
48%
Fame MMA 13 | Fame MMA 9Jakub "Kuba Post" Postaremczak
48%
High League 2 | High League 4Konrad Karwat
48%
High League 4Krystian "Macias" Maciaszczyk
48%
Fame MMA 4 | Fame MMA 7 | Prime MMA 2Marcin "Mielonidas" Makowski
48%
Fame MMA 8 | Fame MMA 9Patryk "Mortalcio" Baran
48%
Fame MMA 16Szymon "Szymool" Besser
48%
Fame MMA 6Bartosz "Qbik" Kubik
46%
Fame MMA 5Ewelina "Ewelona" Kubiak
46%
Fame MMA 15Franciszek "Franio" Rusiecki
46%
Fame MMA 13Norman "Stormin" Parke
46%
Fame MMA 5 | Fame MMA 9Oleh "Oleg" Riaszeńczew
46%
Fame MMA 4Łukasz "Tomb" Imiełowski
45%
Fame MMA 15Mariusz "Sarius" Golling
45%
Fame MMA 8 | Prime MMA 1Michał "Sobota" Sobolewski
45%
Fame MMA 9 | Prime MMA 2 | Prime MMA 3Mikołaj "VanDal" Rdzanek
45%
Prime MMA 2Serigne "Bombardier" Ousmane Dia
45%
Fame MMA 15Tomasz "Szalony Reporter" Matysiak
45%
Prime MMA 1 | Prime MMA 2Adam Soroko
44%
Fame MMA 11Aleksander "Sasha" Muzheiko
44%
Prime MMA 3Paulina Hornik
44%
High League 3Robert "Hardkorowy Koksu" Burneika
44%
Prime MMA 1Ziemowit Piast Kossakowski
44%
Fame MMA 8 | Prime MMA 3Dagmara Szewczyk
43%
High League 1Jakub "Carlito" Olewiński
43%
Prime MMA 1Jakub Lasik
43%
Fame MMA 15Jakub "Paramaxil" Frączek
43%
Prime MMA 3Kuba Lasik
43%
Fame MMA 10Piotr "Miejski Drwal' Szczurek
43%
Prime MMA 3Ziemowit Kossakowski
43%
Prime MMA 1 | Prime MMA 3Adrian Cios
42%
High League 2Hubert "Dredziasty" Węzka
42%
High League 2Norbert "Dis" Gierczak
42%
High League 1 | High League 3Kamil Kossakowski
41%
Fame MMA 14Klaudia "Sheeya" Kołodziejczyk
41%
Fame MMA 1Hubert "Ken" Korczak
40%
High League 2Maciej "Zony" Zoniuk
40%
Fame MMA 2Paweł Kluk
40%
Fame MMA 2Piotr Kluk
40%
Fame MMA 2Sylwester "Bystrzak" Tkocz
40%
Prime MMA 2Grzegorz "Szuli" Szulakowski
39%
Fame MMA 15Jamal Neffati
39%
Fame MMA 15Jamil Neffati
39%
Prime MMA 2Konrad "Skolim" Skolimowski
39%
Fame MMA 11Krzysztof "Fericze" Ferenc
39%
High League 4Maja Staśko
39%
Fame MMA 11Maksym "Maksymalnie" Ziółkowski
39%
Prime MMA 2Mateusz "Milu" Mil
39%
Prime MMA 3Patryk "Robalini" Śliwa
39%
High League 2Piotr "Edzio" Bylina
39%
High League 1 | High League 3Przemysław "Kolar" Kolarczyk
39%
Fame MMA 15Radosław "Warjat Radek" Kapias
39%
High League 1Gabriel "Cesarz Narcyz" Bystrzycki
38%
Fame MMA 1Marek "Maro" Wilczak
38%
High League 4Jakub "Holak" Krawczyk
37%
High League 1 | High League 3Łukasz "Lukas TV" Wdowiak
37%
Fame MMA 3Szymon "Taxi Złotówa" Wrzesień
37%
Fame MMA 1Piotr Celej
36%
Fame MMA 4Piotr "Knaziuu" Knaś
36%
High League 4Salim Chiboub
36%
Fame MMA 2Artur "Waluś" Walczak
35%
Prime MMA 2 | Prime MMA 3Dominika Rybak
35%
Fame MMA 8Gamou Fall
35%
Prime MMA 3Michał Cichy
35%
Fame MMA 11Norbert "Smolasty" Smoliński
35%
High League 4Ewa "Mrs Honey" Wyszatycka
34%
Fame MMA 4Krystian "Jongmen" Brzeziński
34%
Fame MMA 10Michał Gała
34%
Fame MMA 1Michał "Łysy Bogas" Bogawski
34%
High League 2Piotr "Czuux" Czupryn
34%
High League 4Radosław Słodkiewicz
34%
Prime MMA 1 | Prime MMA 2Jakub "Hecman" Rygiel
33%
Fame MMA 11Patrycja "MeLady" Wieja
33%
Prime MMA 3Wiola Kotelecka
33%
Prime MMA 1Wioletta Kotelecka
33%
Hype MMAAdam "Adix6" Woźniak
32%
Fame MMA 3Bartosz "Ruby" Berzeziński
32%
Fame MMA 1Krzysztof Olczak
32%
High League 2Mariusz "Super Mario Trener" Sobczak
32%
Fame MMA 15Patryk Woźniak
32%
Prime MMA 1Adrian "Puszbarber" Salwa
31%
Fame MMA 3Krzysztof "Bodychrist" Ciesielski
31%
Prime MMA 3Martyna "Pysia" Zbirańska
31%
Prime MMA 3McKsiaze
31%
Fame MMA 10Mikołaj Śmieszek
31%
Fame MMA 2Piotr "Czapi" Czapiewski
31%
Prime MMA 3Magdalena "Maluba" Lubacz
30%
Prime MMA 1Rafał Pazik
30%
High League 1Sebastian "Bunio" Szabunio
30%
Fame MMA 3Marcin "Mnich Terminator" Wójcik
29%
High League 4Jakub "Kubx" Świtała
28%
Prime MMA 1Julia "Queen of The Black" Pelc
28%
Prime MMA 2Piotr Kałuski
28%
Fame MMA 11Piotr "Miły Pan" Kołaczyński
28%
Prime MMA 3Daniel Rutkowski
27%
Hype MMAJakub "Bary" Barczyk
26%
Prime MMA 2Jan "Pacio" Patecki
26%
Prime MMA 3Kacper "KaJMaNo" Kabara
26%
Prime MMA 2Kacper "Kajmano" Kabara
26%
Hype MMAOskar "Blecki" Lesiak
22%
Fame MMA 11 | Fame MMA 12Adrian "Pitbull" Wieliczko
21%
Prime MMA 2Klaudia "Klaudusiek" Kapuśniak
21%
Prime MMA 1Sergiusz Zając
21%
Prime MMA 1Aleksandra Okrzesik
20%
Hype MMAMateusz "Zakrzew" Zakrzewski
19%
Hype MMAPaweł "Pavllo" Szwed
19%
Fame MMA 11 | Fame MMA 12Jakub "Dragon" Kaczmarski
18%
Hype MMAJakub "Kuba Trenuje" Drożdziciel
18%
High League 1Łukasz "Yoczook" Walaszek
18%
Prime MMA 2Szymon "Goryl" Pilanc
18%
Hype MMANorbert "One Norbi" Krasnodębski
17%
Prime MMA 3Jan "Little Johnny" Kempisty
16%
Fame MMA 11Roger Irlik
16%
Prime MMA 2Mikołaj Jędruszczak
15%
Hype MMAWładysław "Władek" Zijawew
15%
Hype MMADamian "Kalbar" Kalbarczyk
14%
Hype MMAAlbert "Bercik" Ghambaryan
12%
Prime MMA 1Oliwia Sadkowska
12%
Prime MMA 1Dawid Nadrożny
8%
Prime MMA 1Paweł Ciałkowski
7%
Hype MMAKrystian "Krystianek" Bartocha
5%

Rozkład punktacji

Percentyl według liczby udzielonych odpowiedzi

Procent ludzi z każdym wynikiem

Twoja historia wyników

Nie rozwiązałeś tego quizu od ostatniego zresetowania